|
|
|
|
| LEADER |
00000nas a2200000 a 4500 |
| 001 |
ssj0016329 |
| 003 |
WaSeSS |
| 005 |
20200512172242.0 |
| 006 |
m d |
| 007 |
cr n |
| 008 |
000920c19979999nyuqx pss 0 a0eng c |
| 010 |
|
|
|a 2007233926
|
| 015 |
|
|
|a GBB407251
|2 bnb
|
| 016 |
7 |
|
|a 1501533-6
|2 DE-600
|
| 016 |
7 |
|
|a 011458687
|2 Uk
|
| 022 |
|
|
|a 1469-8056
|l 1365-1005
|y 1365-1005
|
| 035 |
|
|
|a (WaSeSS)ssj0016329
|
| 040 |
|
|
|a RCE
|b eng
|c RCE
|d F#A
|d OCLCQ
|d UV0
|d GUA
|d SFB
|d HTM
|d CUD
|d OCLCQ
|d NUI
|d OCLCQ
|d OCLCF
|d OCLCO
|d VT2
|d OCLCQ
|d DEFHM
|d OCLCO
|d OCLCA
|d OCLCQ
|d NLE
|d AU@
|d UKMGB
|d OCLCQ
|d WaSeSS
|
| 042 |
|
|
|a pcc
|
| 050 |
1 |
4 |
|a HB172.5
|
| 082 |
0 |
|
|a 339.05
|b MAC
|2 21
|
| 130 |
0 |
|
|a Macroeconomic dynamics (Online)
|
| 210 |
1 |
|
|a Macroecon. dyn.
|b (Online)
|
| 222 |
|
0 |
|a Macroeconomic dynamics
|b (Online)
|
| 245 |
1 |
0 |
|a Macroeconomic dynamics
|h [electronic resource].
|
| 260 |
|
|
|a [Port Chester, N.Y.] :
|b Cambridge University Press
|
| 310 |
|
|
|a Five issues a year,
|b 2001-
|
| 321 |
|
|
|a Four issues a year,
|b -2000
|
| 362 |
1 |
|
|a Print began with vol. 1, no. 1 (1997).
|
| 506 |
|
|
|a License restrictions may limit access.
|
| 538 |
|
|
|a Mode of access: World Wide Web.
|
| 588 |
|
|
|a Description based on first issue; title from journal contents screen (Cambridge journals, viewed Nov. 14, 2007).
|
| 588 |
|
|
|a Latest issue consulted: Vol. 11, no. 5 (Nov. 2007) (viewed Nov. 14, 2007).
|
| 650 |
|
0 |
|a Macroeconomics
|v Periodicals.
|
| 650 |
|
7 |
|a Macroeconomics.
|2 fast
|0 (OCoLC)fst01005221
|
| 650 |
|
7 |
|a Makroökonomie
|2 gnd
|
| 650 |
|
7 |
|a Zeitschrift
|2 gnd
|
| 650 |
|
7 |
|a Online-Ressource
|2 gnd
|
| 655 |
|
0 |
|a Electronic journals.
|
| 776 |
0 |
8 |
|i Print version:
|t Macroeconomic dynamics
|x 1365-1005
|w (DLC) 98658544
|w (OCoLC)37956967
|
| 856 |
4 |
0 |
|z Full text available from Research Library: 02/01/2001 to 1 year ago
|u https://search.proquest.com/publication/32954
|